LIBRARY & INFORMATION CENTRE, KCAET, TAVANUR

ONLINE PUBLIC ACCESS CATALOGUE (OPAC)

Maximgorky / (Record no. 718)

MARC details
000 -LEADER
fixed length control field 00358cam a2200145ua 4500
041 ## - LANGUAGE CODE
Language code of text/sound track or separate title mal
082 ## - DEWEY DECIMAL CLASSIFICATION NUMBER
Classification number 928.47
Item number MUN/MA
100 ## - MAIN ENTRY--AUTHOR NAME
Personal name Mundassery, Joseph .
245 ## - TITLE STATEMENT
Title Maximgorky /
260 ## - PUBLICATION, DISTRIBUTION, ETC. (IMPRINT)
Place of publication Trichur :
Name of publisher The Mangalodayam pvt ,
Year of publication 1957.
300 ## - PHYSICAL DESCRIPTION
Number of Pages 101 ; .
942 ## - ADDED ENTRY ELEMENTS (KOHA)
Koha item type Books
Holdings
Withdrawn status Lost status Damaged status Home library Current library Date acquired Full call number Accession Number Koha item type
Withdrawn     KAUAET Central Prison Tavanur 07/04/2012 928.47 9384 Books
free website counter